00481nam a22001577a 4500003000200000005001700002008004100019020002200060050002200082100002900104245004000133260005000173300002700223504005100250650002200301020250108072719.0250108b xxu||||| |||| 00| 0 eng d a979-8-89161-210-5 aPN 187b.F73 2024 aFranco, Greysoneauthor. aCreative writing /cGreyson Franco. aJersey City, USA :bAlexis Press, LLC,c2024. aviii, 249 p. ;c24 cm. aIncludes bibliographical references and index. aCreative writing.